01092 2200253 4500001002100000005001500021035002000036007000300056008004100059020002200100082001100122084001700133100002800150245010600178250000600284260004200290300002800332700003100360700003000391500006800421650001800489520031400507990001700821INLIS00000000000160420260430100447 a0010-1123000235ta260430 c 0 ind  a978-623-216-833-6 a612.89 a612.89 RUT s0 aRuth Owen ( Pengarang )1 aSaat Aku Tumbuh :bAll about my body /cRuth Owen ; editor, Mark J. Sachner ; alih bahasa, Andi Wahyu a- aJakarta :bBhuana Ilmu populer,c2020 a22 :bilus. ;c24 cme-0 aMark J. Sachner ( Editor (0 aAndi Wahyu ( Penerjemah ) ajudul asli : My body inside and out - what happens when i growt 4aTUBUH MANUSIA aMulai kamu bayi hingga sekarang, kamu tumbuh dan berkembang. Bagaimana kamu bisa belajar banyak hal? Apa yang terjadi saat kamu tumbuh? Pertanyaan-pertanyaan ini akan dijawab secara singkat dan jelas di dalam buku All About My Body: Saat Aku Tumbuh. Yuk, cari tahu fakta-fakta menarik lainnya tentang tubuhmu! a00164/K/2022